[Event "Tradewise Gibraltar AmatWk1"]
[Site "Gibraltar"]
[Date "2017.01.25"]
[Round "3.7"]
[White "Gaspar, Ioan-Dan"]
[Black "Garcia Valer, Jesus"]
[Result "1-0"]
[WhiteElo "1579"]
[BlackElo "1891"]
[PlyCount "49"]
[EventDate "2017.01.23"]
[EventType "swiss"]
[EventRounds "5"]
[EventCountry "GGB"]
[SourceTitle "BritBase"]
[Source "www.saund.co.uk"]
[SourceDate "2018.02.10"]
[SourceVersion "1"]
[SourceVersionDate "2018.02.10"]
[SourceQuality "1"]

1. c4 e5 2. g3 Nc6 3. Bg2 f5 4. a3 a5 5. Nc3 Nf6 6. e3 g6 7. Nge2 Bg7 8. Rb1 d6
9. b4 axb4 10. axb4 e4 11. Nf4 O-O 12. h4 Ne5 13. Qb3 c6 14. O-O Qe7 15. c5+ d5
16. Na4 Nc4 17. Rd1 Nd7 18. d4 exd3 19. Rxd3 Nde5 20. Rd1 Bd7 21. Nc3 b5 22.
cxb6 Nxb6 23. b5 Rab8 24. bxc6 Bxc6 25. Ba3 1-0

[Event "Tradewise Gibraltar AmatWk1"]
[Site "Gibraltar"]
[Date "2017.01.25"]
[Round "3.8"]
[White "Walker, Gordon J"]
[Black "Wilson, Matthew R"]
[Result "0-1"]
[WhiteElo "1547"]
[BlackElo "1791"]
[PlyCount "74"]
[EventDate "2017.01.23"]
[EventType "swiss"]
[EventRounds "5"]
[EventCountry "GGB"]
[SourceTitle "BritBase"]
[Source "www.saund.co.uk"]
[SourceDate "2018.02.10"]
[SourceVersion "1"]
[SourceVersionDate "2018.02.10"]
[SourceQuality "1"]

1. e4 c5 2. Nf3 e6 3. c3 d5 4. exd5 exd5 5. d4 Nf6 6. Bg5 h6 7. Bf4 Nc6 8. h3
cxd4 9. Nxd4 Be7 10. Nxc6 bxc6 11. Nd2 O-O 12. Be2 a5 13. O-O a4 14. a3 Bf5 15.
Nf3 Qb6 16. Qc1 Rfe8 17. Be3 c5 18. Nh4 Bh7 19. Rd1 Rab8 20. Bd3 Bxd3 21. Rxd3
Qxb2 22. Qxb2 Rxb2 23. Nf5 Bf8 24. Rd2 Rb3 25. Rc2 Ne4 26. c4 d4 27. Bc1 d3 28.
Rb2 Reb8 29. Rxb3 axb3 30. Bb2 g6 31. Ne3 Bg7 32. Bxg7 Kxg7 33. Nd1 Kf6 34. Nb2
d2 35. Kf1 Nc3 36. a4 Rd8 37. f4 d1=Q+ 0-1

[Event "Tradewise Gibraltar AmatWk1"]
[Site "Gibraltar"]
[Date "2017.01.25"]
[Round "3.9"]
[White "Murray, J Stephen"]
[Black "Kapoor, Gurveen"]
[Result "1-0"]
[WhiteElo "1789"]
[BlackElo "1540"]
[PlyCount "81"]
[EventDate "2017.01.23"]
[EventType "swiss"]
[EventRounds "5"]
[EventCountry "GGB"]
[SourceTitle "BritBase"]
[Source "www.saund.co.uk"]
[SourceDate "2018.02.10"]
[SourceVersion "1"]
[SourceVersionDate "2018.02.10"]
[SourceQuality "1"]

1. e4 c5 2. Be2 Nc6 3. f4 g6 4. Nf3 Bg7 5. O-O e6 6. c3 Nge7 7. d3 d5 8. Qe1 a6
9. a4 Rb8 10. Na3 b5 11. axb5 axb5 12. Nc2 O-O 13. Be3 d4 14. cxd4 cxd4 15. Bf2
Qb6 16. Bh4 Ba6 17. Nb4 Nxb4 18. Qxb4 Nc6 19. Qd6 Rfc8 20. Qa3 Ra8 21. Qb3 b4
22. Be1 Bf8 23. Ng5 Ra7 24. Bd2 Rcc7 25. Qd1 Bb5 26. Rxa7 Qxa7 27. Qe1 Qa2 28.
Bc1 Qa6 29. Qg3 Qa7 30. f5 exf5 31. exf5 Re7 32. fxg6 hxg6 33. Qf3 Ne5 34. Qh3
Bg7 35. Bf4 Be8 36. Qh7+ Kf8 37. Ne4 Qb6 38. Bh6 f5 39. Qh8+ Kf7 40. Qxg7+ Ke6
41. Qf6+ 1-0

[Event "Tradewise Gibraltar AmatWk1"]
[Site "Gibraltar"]
[Date "2017.01.25"]
[Round "3.10"]
[White "Guardia Bencomo, Tomas"]
[Black "Guegan, Michel"]
[Result "0-1"]
[WhiteElo "1759"]
[BlackElo "1738"]
[PlyCount "98"]
[EventDate "2017.01.23"]
[EventType "swiss"]
[EventRounds "5"]
[EventCountry "GGB"]
[SourceTitle "BritBase"]
[Source "www.saund.co.uk"]
[SourceDate "2018.02.10"]
[SourceVersion "1"]
[SourceVersionDate "2018.02.10"]
[SourceQuality "1"]

1. d4 Nf6 2. c4 g6 3. Nc3 Bg7 4. e4 d6 5. Be2 O-O 6. Nf3 e5 7. O-O Nc6 8. d5
Ne7 9. b4 Nd7 10. a4 f5 11. a5 Nf6 12. Nd2 fxe4 13. Ndxe4 Nxe4 14. Nxe4 Nf5 15.
Ra3 Qh4 16. Qd3 Bh6 17. Bxh6 Nxh6 18. Bf3 Bf5 19. g3 Qe7 20. Bg2 Bxe4 21. Bxe4
Nf5 22. a6 b6 23. c5 Rac8 24. cxb6 cxb6 25. Rc3 Rxc3 26. Qxc3 Nd4 27. Kg2 Qd7
28. Rc1 Qf7 29. Rf1 Qd7 30. Rc1 Qf7 31. Qe3 Qd7 32. Rc3 Rc8 33. Rxc8+ Qxc8 34.
Qd3 Qc7 35. h4 Qf7 36. Qc4 Kg7 37. Qc8 h6 38. Qd8 Nb5 39. Qc8 Nd4 40. f3 Qe7
41. Qg4 Qf7 42. h5 g5 43. Bg6 Qe7 44. Qe4 Qf6 45. g4 Qf4 46. Qd3 Qc1 47. Bh7
Qb2+ 48. Kg3 Ne2+ 49. Kf2 Nf4+ 0-1

[Event "Tradewise Gibraltar AmatWk1"]
[Site "Gibraltar"]
[Date "2017.01.25"]
[Round "3.11"]
[White "Ocana, Jeremy"]
[Black "Pink, Joshua"]
[Result "0-1"]
[WhiteElo "1733"]
[BlackElo "1898"]
[PlyCount "60"]
[EventDate "2017.01.23"]
[EventType "swiss"]
[EventRounds "5"]
[EventCountry "GGB"]
[SourceTitle "BritBase"]
[Source "www.saund.co.uk"]
[SourceDate "2018.02.10"]
[SourceVersion "1"]
[SourceVersionDate "2018.02.10"]
[SourceQuality "1"]

1. d4 d5 2. Bf4 Nf6 3. Nf3 c5 4. c3 Nc6 5. e3 Qb6 6. Qb3 c4 7. Qxb6 axb6 8. Na3
Ra5 9. Bc7 Nd7 10. Bxc4 dxc4 11. Nxc4 Ra6 12. b4 b5 13. Ncd2 Nf6 14. e4 e6 15.
h3 Be7 16. O-O O-O 17. Rfe1 Bd7 18. g4 Rfa8 19. g5 Ne8 20. Bf4 Bd6 21. Bxd6
Nxd6 22. Nb3 Rxa2 23. Rxa2 Rxa2 24. d5 exd5 25. exd5 Nd8 26. Re7 Be8 27. Nfd4
Kf8 28. Rc7 Ra8 29. Nc5 Rc8 30. Nce6+ fxe6 0-1

[Event "Tradewise Gibraltar AmatWk1"]
[Site "Gibraltar"]
[Date "2017.01.25"]
[Round "3.12"]
[White "Stuart, Brian"]
[Black "Hermes, Geoff R"]
[Result "0-1"]
[WhiteElo "1715"]
[BlackElo "1896"]
[PlyCount "108"]
[EventDate "2017.01.23"]
[EventType "swiss"]
[EventRounds "5"]
[EventCountry "GGB"]
[SourceTitle "BritBase"]
[Source "www.saund.co.uk"]
[SourceDate "2018.02.10"]
[SourceVersion "1"]
[SourceVersionDate "2018.02.10"]
[SourceQuality "1"]

1. e4 d6 2. d4 Nf6 3. Nc3 c6 4. Nf3 Bg4 5. Be2 Nbd7 6. O-O e5 7. Be3 Be7 8. h3
Bh5 9. Nd2 Bxe2 10. Qxe2 Qc7 11. f4 O-O 12. fxe5 dxe5 13. Nb3 b5 14. a3 a5 15.
Nd2 b4 16. axb4 axb4 17. Na4 exd4 18. Bxd4 c5 19. Be3 Qc6 20. b3 Nxe4 21. Qf3
f5 22. Nxe4 Qxe4 23. Qxe4 fxe4 24. Rad1 Rxf1+ 25. Kxf1 Ra7 26. Rd5 Rc7 27. Ke2
Kf7 28. Bf4 Nf6 29. Rd1 Rc6 30. Nb2 Ke6 31. Nc4 Nd5 32. Rf1 Bf6 33. Be3 Bd4 34.
Rf8 Ke7 35. Rf5 Nc3+ 36. Kd2 Ke6 37. Rf8 Ra6 38. Rd8 Bxe3+ 39. Kxe3 Ra2 40. Rd2
Ra1 41. Rd6+ Ke7 42. Rd2 Rf1 43. Rd6 g5 44. Rd2 h5 45. Rd6 Re1+ 46. Kf2 Re2+
47. Kf1 Rxc2 48. Rd2 Rxd2 49. Nxd2 e3 50. Nc4 e2+ 51. Ke1 Ke6 52. Ne3 Ke5 53.
Nc2 Ke4 54. Kf2 Kd3 0-1

[Event "Tradewise Gibraltar AmatWk1"]
[Site "Gibraltar"]
[Date "2017.01.25"]
[Round "3.13"]
[White "Laszlo, Zoltan-Imre"]
[Black "Carbonnier, Arnaud"]
[Result "1-0"]
[WhiteElo "1894"]
[BlackElo "1750"]
[PlyCount "75"]
[EventDate "2017.01.23"]
[EventType "swiss"]
[EventRounds "5"]
[EventCountry "GGB"]
[SourceTitle "BritBase"]
[Source "www.saund.co.uk"]
[SourceDate "2018.02.10"]
[SourceVersion "1"]
[SourceVersionDate "2018.02.10"]
[SourceQuality "1"]

1. e4 c6 2. c4 d5 3. exd5 cxd5 4. cxd5 Nf6 5. Nc3 Nxd5 6. Bc4 Nb6 7. Bb3 g6 8.
Nf3 Bg7 9. O-O O-O 10. h3 Nc6 11. Re1 Bf5 12. a3 Nd4 13. Nxd4 Bxd4 14. Ne2 Bf6
15. d4 Nd5 16. Ng3 Qd7 17. Qf3 Rfd8 18. Rd1 Rac8 19. Ne4 Bxe4 20. Qxe4 Qb5 21.
Rd3 Rc6 22. Bh6 e6 23. Re1 Bg7 24. Bxg7 Kxg7 25. Rf3 Ne7 26. Qh4 g5 27. Qg4 Ng6
28. d5 Rxd5 29. Bxd5 Qxd5 30. Qe4 Qd2 31. Qe2 Qd6 32. Rd1 Qc7 33. g3 h6 34. b4
Rc2 35. Qe4 b6 36. Qd4+ Kg8 37. Qf6 Ne5 38. Rd8+ 1-0

[Event "Tradewise Gibraltar AmatWk1"]
[Site "Gibraltar"]
[Date "2017.01.25"]
[Round "3.14"]
[White "Zitan, Abdelhay"]
[Black "Garcia-Blazquez Perez, Manuel"]
[Result "0-1"]
[WhiteElo "1678"]
[BlackElo "1851"]
[PlyCount "112"]
[EventDate "2017.01.23"]
[EventType "swiss"]
[EventRounds "5"]
[EventCountry "GGB"]
[SourceTitle "BritBase"]
[Source "www.saund.co.uk"]
[SourceDate "2018.02.10"]
[SourceVersion "1"]
[SourceVersionDate "2018.02.10"]
[SourceQuality "1"]

1. e4 c5 2. c3 g6 3. d4 cxd4 4. cxd4 d5 5. exd5 Nf6 6. Nf3 Bg7 7. Bb5+ Nbd7 8.
O-O Nxd5 9. Ne5 O-O 10. Nxd7 Bxd7 11. Bxd7 Qxd7 12. Nc3 Rac8 13. Qb3 Nb6 14.
Be3 Rc4 15. Ne2 Rfc8 16. Rad1 Nd5 17. Bc1 b5 18. a3 a5 19. Bd2 b4 20. Rc1 Rxc1
21. Rxc1 Rxc1+ 22. Bxc1 Qb5 23. Qc2 Nb6 24. b3 h5 25. a4 Qa6 26. Qe4 Nd5 27.
Bd2 e6 28. Nf4 Ne7 29. h3 Nf5 30. d5 e5 31. Qd3 Qxd3 32. Nxd3 Nd4 33. Nc1 Kf8
34. Be3 Ke7 35. Bxd4 exd4 36. Kf1 Bh6 37. Nd3 Kd6 38. f4 Kxd5 39. Ke2 Ke4 40.
g3 Bf8 41. Nf2+ Kf5 42. Kf3 f6 43. Ne4 Ke6 44. g4 hxg4+ 45. hxg4 Bd6 46. Nd2
Kd5 47. Ne4 Be7 48. Nd2 Bd6 49. Nc4 Bc7 50. Nd2 Bb6 51. Nc4 Ba7 52. Nd2 d3 53.
Ne4 f5 54. gxf5 gxf5 55. Nd2 Kd4 56. Nb1 Bb8 0-1

[Event "Tradewise Gibraltar AmatWk1"]
[Site "Gibraltar"]
[Date "2017.01.25"]
[Round "3.15"]
[White "Rios Gonzalez, Jose Antonio"]
[Black "White, Gary"]
[Result "1-0"]
[WhiteElo "1847"]
[BlackElo "1716"]
[PlyCount "85"]
[EventDate "2017.01.23"]
[EventType "swiss"]
[EventRounds "5"]
[EventCountry "GGB"]
[SourceTitle "BritBase"]
[Source "www.saund.co.uk"]
[SourceDate "2018.02.10"]
[SourceVersion "1"]
[SourceVersionDate "2018.02.10"]
[SourceQuality "1"]

1. d4 f5 2. g3 Nf6 3. Bg2 e6 4. Nf3 Be7 5. c4 d6 6. Nc3 O-O 7. O-O Qe8 8. b3
Nbd7 9. Ng5 Bd8 10. f4 Ng4 11. h3 Ngf6 12. d5 e5 13. e4 Nh5 14. Ne6 Nxg3 15.
Rf3 Nxe4 16. Nxe4 fxe4 17. Rg3 Rf7 18. f5 Nf6 19. Bh6 Bxe6 20. fxe6 Re7 21. Qd2
Kh8 22. Rf1 Nh5 23. Qf2 Qg8 24. Rg4 Re8 25. Qf5 g6 26. Qf7 Be7 27. Bxe4 Bf8 28.
Bg5 Bg7 29. Qxc7 Nf4 30. Bxf4 exf4 31. Rgxf4 Bd4+ 32. Kg2 Rf8 33. Qxd6 Rxf4 34.
Qxf4 g5 35. Qf5 Qg7 36. d6 Bb6 37. Qf6 Re8 38. e7 Qxf6 39. Rxf6 Kg7 40. Re6 Kf7
41. Bd5 h5 42. d7 Rxe7 43. Rxb6+ 1-0

[Event "Tradewise Gibraltar AmatWk1"]
[Site "Gibraltar"]
[Date "2017.01.25"]
[Round "3.16"]
[White "Longdin, Michael"]
[Black "Robles, Bryan"]
[Result "1-0"]
[WhiteElo "1836"]
[BlackElo "1711"]
[PlyCount "81"]
[EventDate "2017.01.23"]
[EventType "swiss"]
[EventRounds "5"]
[EventCountry "GGB"]
[SourceTitle "BritBase"]
[Source "www.saund.co.uk"]
[SourceDate "2018.02.10"]
[SourceVersion "1"]
[SourceVersionDate "2018.02.10"]
[SourceQuality "1"]

1. d4 Nf6 2. Nf3 e6 3. e3 b6 4. c4 Bb7 5. h3 Be7 6. Nc3 Ne4 7. Bd3 Nxc3 8. bxc3
d5 9. O-O O-O 10. cxd5 exd5 11. Qc2 h6 12. Bb2 Nd7 13. Rfe1 Bd6 14. a4 a5 15.
Ba3 Bxa3 16. Rxa3 Qf6 17. Qd2 Qd6 18. Raa1 Rfe8 19. Bc2 Ba6 20. Bb1 g6 21. e4
Kg7 22. e5 Qe7 23. h4 Nf8 24. h5 gxh5 25. g3 Ng6 26. Kg2 Bc8 27. Rh1 Bg4 28.
Nh2 Rh8 29. f4 Qd7 30. Nxg4 Qxg4 31. Bd3 h4 32. Rh3 Rag8 33. Rf1 Kf8 34. f5 Ne7
35. Rf3 Qg5 36. Qf2 hxg3 37. Rfxg3 Qc1 38. Bc2 Qb2 39. f6 Rxg3+ 40. Rxg3 Nc6
41. Qf5 1-0

[Event "Tradewise Gibraltar AmatWk1"]
[Site "Gibraltar"]
[Date "2017.01.25"]
[Round "3.17"]
[White "Haddock, Paul"]
[Black "Lochte, Szilvia"]
[Result "0-1"]
[WhiteElo "1570"]
[BlackElo "1829"]
[PlyCount "66"]
[EventDate "2017.01.23"]
[EventType "swiss"]
[EventRounds "5"]
[EventCountry "GGB"]
[SourceTitle "BritBase"]
[Source "www.saund.co.uk"]
[SourceDate "2018.02.10"]
[SourceVersion "1"]
[SourceVersionDate "2018.02.10"]
[SourceQuality "1"]

1. e4 c5 2. d4 cxd4 3. c3 d3 4. Bxd3 Nc6 5. f4 d6 6. Nf3 Nf6 7. Be3 Ng4 8. Bg1
e6 9. h3 Nf6 10. Be3 Be7 11. O-O d5 12. e5 Nd7 13. Qe1 Bc5 14. Bxc5 Nxc5 15.
Qe2 Qb6 16. Rf2 Nxd3 17. Qxd3 Bd7 18. a4 Na5 19. b4 Nc4 20. Nd4 Rc8 21. Kh1 O-O
22. Raa2 f6 23. exf6 Rxf6 24. Rae2 Bxa4 25. Nd2 Nb2 26. Qg3 Nd1 27. Rf3 Rg6 28.
Qh4 Nxc3 29. f5 Rh6 30. Qf2 Nxe2 31. Qxe2 Qxd4 32. f6 Rxf6 33. Rxf6 Qxf6 0-1

[Event "Tradewise Gibraltar AmatWk1"]
[Site "Gibraltar"]
[Date "2017.01.25"]
[Round "3.18"]
[White "Mena Castillo, Luis"]
[Black "Stai, Sondre"]
[Result "0-1"]
[WhiteElo "1829"]
[BlackElo "1676"]
[PlyCount "108"]
[EventDate "2017.01.23"]
[EventType "swiss"]
[EventRounds "5"]
[EventCountry "GGB"]
[SourceTitle "BritBase"]
[Source "www.saund.co.uk"]
[SourceDate "2018.02.10"]
[SourceVersion "1"]
[SourceVersionDate "2018.02.10"]
[SourceQuality "1"]

1. e4 c5 2. Nf3 d6 3. d4 cxd4 4. Nxd4 Nf6 5. Nc3 e6 6. Bg5 Be7 7. Qd2 a6 8.
O-O-O Qc7 9. Be2 O-O 10. Nb3 Rd8 11. Qe3 Nc6 12. f4 b5 13. Bf3 Bb7 14. e5 dxe5
15. fxe5 Nd7 16. Bxc6 Bxg5 17. Qxg5 Bxc6 18. Rhe1 b4 19. Nb1 Bd5 20. Qe7 Rac8
21. Rd2 Nc5 22. Qxc7 Rxc7 23. c4 bxc3 24. Nxc3 Nxb3+ 25. axb3 Rb8 26. Kb1 Bxb3
27. Rd6 a5 28. Rd4 h6 29. Re3 Rbc8 30. Red3 a4 31. Rd8+ Rxd8 32. Rxd8+ Kh7 33.
Rd4 Ra7 34. Nb5 Ra5 35. Rb4 f6 36. exf6 gxf6 37. Kc1 Ra6 38. Kd2 h5 39. Ke3 Kg6
40. h4 Rb6 41. Kd4 Bd5 42. Kc5 Rc6+ 43. Kd4 Bxg2 44. Rxa4 e5+ 45. Ke3 Rb6 46.
Nc7 Rxb2 47. Ra6 Rc2 48. Ne8 Rc6 49. Ra2 Bh3 50. Ra7 f5 51. Rg7+ Kh6 52. Rg8
Rc8 53. Rh8+ Kg6 54. Rf8 Rc6 0-1

[Event "Tradewise Gibraltar AmatWk1"]
[Site "Gibraltar"]
[Date "2017.01.25"]
[Round "3.20"]
[White "Manchado Garrido, Marcos Anton"]
[Black "Lopez Diaz, Rafael"]
[Result "0-1"]
[WhiteElo "1429"]
[BlackElo "1779"]
[PlyCount "94"]
[EventDate "2017.01.23"]
[EventType "swiss"]
[EventRounds "5"]
[EventCountry "GGB"]
[SourceTitle "BritBase"]
[Source "www.saund.co.uk"]
[SourceDate "2018.02.10"]
[SourceVersion "1"]
[SourceVersionDate "2018.02.10"]
[SourceQuality "1"]

1. d4 d5 2. c4 c6 3. Nf3 Nf6 4. Bf4 Nh5 5. Bg5 h6 6. Bd2 e6 7. Nc3 Bb4 8. a3
Bd6 9. e3 b6 10. b4 Nf6 11. c5 bxc5 12. bxc5 Bc7 13. Bd3 O-O 14. O-O Nfd7 15.
Qc2 e5 16. dxe5 Nxe5 17. Nxe5 Bxe5 18. f4 Bf6 19. Rab1 Nd7 20. Ne2 Be7 21. Bb4
a5 22. Bc3 Nxc5 23. Bf5 Bxf5 24. Qxf5 Ne4 25. Qe5 Bf6 26. Qh5 Nxc3 27. Nxc3
Bxc3 28. Rbc1 Qf6 29. Rf3 Bb2 30. Rcf1 Bxa3 31. g4 Qg6 32. Qh4 Rfe8 33. f5 Qg5
34. Qh3 Bc5 35. Re1 Re4 36. f6 Qxg4+ 37. Kh1 Qxh3 38. Rxh3 Rxe3 39. Rexe3 Bxe3
40. Rxe3 gxf6 41. Rc3 a4 42. Ra3 f5 43. Kg2 Kg7 44. Kf3 Kf6 45. Kf4 Re8 46.
Rxa4 Re4+ 47. Rxe4 fxe4 0-1

[Event "Tradewise Gibraltar AmatWk1"]
[Site "Gibraltar"]
[Date "2017.01.25"]
[Round "3.22"]
[White "McLeod, Paul"]
[Black "Brooker, Chris H"]
[Result "0-1"]
[WhiteElo "1344"]
[BlackElo "1761"]
[PlyCount "76"]
[EventDate "2017.01.23"]
[EventType "swiss"]
[EventRounds "5"]
[EventCountry "GGB"]
[SourceTitle "BritBase"]
[Source "www.saund.co.uk"]
[SourceDate "2018.02.10"]
[SourceVersion "1"]
[SourceVersionDate "2018.02.10"]
[SourceQuality "1"]

1. c4 f5 2. Nc3 Nf6 3. d4 e6 4. Bg5 Bb4 5. Bd2 b6 6. a3 Bxc3 7. Bxc3 Ne4 8. Qd3
Nxc3 9. Qxc3 O-O 10. Nf3 Bb7 11. e3 d6 12. Bd3 Nd7 13. O-O-O a6 14. Rdg1 Qe8
15. Nd2 Nf6 16. f3 b5 17. e4 bxc4 18. Bxc4 fxe4 19. fxe4 Nxe4 20. Nxe4 Bxe4 21.
Qh3 Rf6 22. Re1 Qc6 23. Qc3 d5 24. Bf1 Qxc3+ 25. bxc3 Rf2 26. Re2 Rxe2 27. Bxe2
Rb8 28. Kd2 Bxg2 29. Rg1 Be4 30. Ke3 Rb3 31. Bxa6 Rxc3+ 32. Kf4 Rf3+ 33. Kg4
Rxa3 34. Bc8 Bf5+ 35. Kh4 Rd3 36. Ba6 Rxd4+ 37. Kg5 h6+ 38. Kh5 Kh7 0-1

[Event "Tradewise Gibraltar AmatWk1"]
[Site "Gibraltar"]
[Date "2017.01.25"]
[Round "3.23"]
[White "Olde, Karl Erik"]
[Black "Christophe-Hayot, Romain"]
[Result "0-1"]
[WhiteElo "1352"]
[BlackElo "1784"]
[PlyCount "146"]
[EventDate "2017.01.23"]
[EventType "swiss"]
[EventRounds "5"]
[EventCountry "GGB"]
[SourceTitle "BritBase"]
[Source "www.saund.co.uk"]
[SourceDate "2018.02.10"]
[SourceVersion "1"]
[SourceVersionDate "2018.02.10"]
[SourceQuality "1"]

1. c4 f5 2. g3 e5 3. d3 Nf6 4. Nc3 Bb4 5. Bd2 Nc6 6. a3 Be7 7. Bg2 O-O 8. f4
Bc5 9. e3 exf4 10. gxf4 Re8 11. d4 Bxd4 12. Qf3 Ng4 13. O-O-O Bxe3 14. Qd5+ Kh8
15. Qxf5 Bxd2+ 16. Rxd2 Re1+ 17. Nd1 Ne3 18. Qd3 d6 19. Nf3 Bf5 20. Qb3 Na5 21.
Qc3 Nxd1 22. Rxd1 Rxh1 23. Rxh1 Nc6 24. Rg1 Qf6 25. Qd2 Re8 26. Re1 Rxe1+ 27.
Qxe1 Qe6 28. Qxe6 Bxe6 29. b3 h6 30. Kd2 Kg8 31. Kc3 Kf7 32. b4 Kf6 33. b5 Nd8
34. Nd4 Bd7 35. a4 c5 36. Ne2 Bf5 37. a5 b6 38. axb6 axb6 39. Ng3 g6 40. Kd2
Ne6 41. Ke3 Nc7 42. Nxf5 gxf5 43. h4 Ke6 44. h5 d5 45. Bf1 dxc4 46. Bxc4+ Nd5+
47. Kf3 Kd6 48. Bd3 Ne7 49. Bf1 Ke6 50. Bc4+ Kd7 51. Bd3 Ke6 52. Bc4+ Kf6 53.
Ke3 Nc8 54. Bd5 Nd6 55. Bc6 Ke6 56. Kd3 Nc8 57. Kc4 Ne7 58. Bb7 Kd6 59. Bg2 Ng8
60. Bd5 Nf6 61. Bf3 Ke6 62. Bb7 Nxh5 63. Bc8+ Kf6 64. Kd5 Nxf4+ 65. Kc6 c4 66.
Kxb6 c3 67. Ka7 c2 68. b6 c1=Q 69. b7 Qa3+ 70. Kb8 Nd3 71. Kc7 Qc5+ 72. Kb8 Qb5
73. Kc7 Qe5+ 0-1

[Event "Tradewise Gibraltar AmatWk1"]
[Site "Gibraltar"]
[Date "2017.01.25"]
[Round "3.24"]
[White "Lake, Andrew N"]
[Black "Oliva Parra, Ernesto"]
[Result "1-0"]
[WhiteElo "1709"]
[BlackElo "1578"]
[PlyCount "91"]
[EventDate "2017.01.23"]
[EventType "swiss"]
[EventRounds "5"]
[EventCountry "GGB"]
[SourceTitle "BritBase"]
[Source "www.saund.co.uk"]
[SourceDate "2018.02.10"]
[SourceVersion "1"]
[SourceVersionDate "2018.02.10"]
[SourceQuality "1"]

1. e4 e5 2. Nc3 Nf6 3. Nf3 Nc6 4. Bb5 d6 5. d3 h6 6. h3 Bd7 7. Be3 Be7 8. Qd2
Nh7 9. Nd5 Nd4 10. Bxd7+ Qxd7 11. Nxd4 exd4 12. Bxd4 Nf6 13. Nxf6+ Bxf6 14.
Bxf6 gxf6 15. Qc3 Qe7 16. O-O-O O-O-O 17. g3 Qe6 18. Qb3 Qd7 19. f3 f5 20. Qd5
fxe4 21. dxe4 Rhg8 22. g4 Rg5 23. Qd4 Kb8 24. Rd3 Qc6 25. Qf6 Rc8 26. Qxh6 Rc5
27. Qd2 Qa6 28. a3 f6 29. h4 Qc4 30. Kb1 Rb5 31. h5 Qg8 32. h6 Qh8 33. Rd5 Rb6
34. Rf5 Rf8 35. Qf4 Rf7 36. c3 a6 37. Qd2 Ka7 38. g5 d5 39. g6 Rg7 40. hxg7
Qxh1+ 41. Qc1 Qh3 42. g8=Q dxe4 43. fxe4 Qd3+ 44. Qc2 Qd6 45. g7 Qxa3 46. Qf8
1-0

[Event "Tradewise Gibraltar AmatWk1"]
[Site "Gibraltar"]
[Date "2017.01.25"]
[Round "3.25"]
[White "Bo, Martin"]
[Black "Kearsley, Raymond J"]
[Result "0-1"]
[WhiteElo "1572"]
[BlackElo "1687"]
[PlyCount "30"]
[EventDate "2017.01.23"]
[EventType "swiss"]
[EventRounds "5"]
[EventCountry "GGB"]
[SourceTitle "BritBase"]
[Source "www.saund.co.uk"]
[SourceDate "2018.02.10"]
[SourceVersion "1"]
[SourceVersionDate "2018.02.10"]
[SourceQuality "1"]

1. d4 d5 2. Nf3 Bf5 3. c4 e6 4. Nc3 Nf6 5. Bg5 Be7 6. e3 O-O 7. Bd3 Ne4 8. Bxe7
Qxe7 9. Qc2 c5 10. Nxe4 dxe4 11. Bxe4 Bxe4 12. Qxe4 cxd4 13. Qxd4 Qb4+ 14. Ke2
Nc6 15. a3 Nxd4+ 0-1

[Event "Tradewise Gibraltar AmatWk1"]
[Site "Gibraltar"]
[Date "2017.01.25"]
[Round "3.26"]
[White "Kirkwood, Robin"]
[Black "Jimenez Urquijo, Juan Manuel"]
[Result "1-0"]
[WhiteElo "1677"]
[BlackElo "1541"]
[PlyCount "105"]
[EventDate "2017.01.23"]
[EventType "swiss"]
[EventRounds "5"]
[EventCountry "GGB"]
[SourceTitle "BritBase"]
[Source "www.saund.co.uk"]
[SourceDate "2018.02.10"]
[SourceVersion "1"]
[SourceVersionDate "2018.02.10"]
[SourceQuality "1"]

1. d4 g6 2. g3 Bg7 3. Bg2 Nf6 4. Nf3 d5 5. O-O Nbd7 6. b3 O-O 7. Bb2 c6 8. Nbd2
Re8 9. c4 e5 10. Nxe5 Nxe5 11. dxe5 Ng4 12. cxd5 cxd5 13. Nf3 Nxe5 14. Bxe5
Bxe5 15. Nxe5 Rxe5 16. e4 Be6 17. f4 Rh5 18. Bf3 Rh3 19. exd5 Qb6+ 20. Kg2 Rd8
21. Qe2 Bd7 22. Rad1 Rh6 23. Bg4 Bb5 24. Qd2 Bxf1+ 25. Rxf1 Qb5 26. Rd1 Rd6 27.
Bf3 Qd7 28. g4 a6 29. Kg3 Rf6 30. h4 Rd6 31. g5 Rh5 32. Bxh5 gxh5 33. Qe2 Rxd5
34. Rxd5 Qxd5 35. Qe8+ Kg7 36. Qe5+ Qxe5 37. fxe5 Kg6 38. Kf4 b6 39. b4 b5 40.
a3 Kg7 41. Kf5 Kf8 42. Kf6 Kg8 43. e6 fxe6 44. Kxe6 Kg7 45. Ke7 Kg6 46. Kf8 h6
47. gxh6 Kxh6 48. Kf7 Kh7 49. Kf6 Kh6 50. Kf5 Kg7 51. Kg5 Kf7 52. Kxh5 Ke6 53.
Kg6 1-0

[Event "Tradewise Gibraltar AmatWk1"]
[Site "Gibraltar"]
[Date "2017.01.25"]
[Round "3.27"]
[White "Hudson, Jeremy"]
[Black "Smedsrud, Morten S"]
[Result "1-0"]
[WhiteElo "1633"]
[BlackElo "1345"]
[PlyCount "64"]
[EventDate "2017.01.23"]
[EventType "swiss"]
[EventRounds "5"]
[EventCountry "GGB"]
[SourceTitle "BritBase"]
[Source "www.saund.co.uk"]
[SourceDate "2018.02.10"]
[SourceVersion "1"]
[SourceVersionDate "2018.02.10"]
[SourceQuality "1"]

1. Nf3 Nf6 2. g3 d5 3. d4 Bf5 4. Bg2 e6 5. O-O Be7 6. c4 O-O 7. Nc3 c6 8. Qb3
Qb6 9. Qa4 Nbd7 10. c5 Qd8 11. Qb3 b6 12. cxb6 axb6 13. Nd2 c5 14. dxc5 bxc5
15. e4 c4 16. Qd1 Bg4 17. f3 Qb6+ 18. Kh1 Bh5 19. g4 Bg6 20. f4 Nc5 21. Qe2 Nd3
22. f5 Nxg4 23. Qxg4 Nf2+ 24. Rxf2 Qxf2 25. fxg6 Bc5 26. gxh7+ Kh8 27. Qd1 f5
28. exd5 Rf6 29. Qf1 Qh4 30. Nf3 Qh5 31. Bf4 Rg6 32. Rd1 Rd8 1-0

[Event "Tradewise Gibraltar AmatWk1"]
[Site "Gibraltar"]
[Date "2017.01.25"]
[Round "3.29"]
[White "Elishev, Anton"]
[Black "Flanagan, Samuel"]
[Result "0-1"]
[WhiteElo "1572"]
[BlackElo "1774"]
[PlyCount "52"]
[EventDate "2017.01.23"]
[EventType "swiss"]
[EventRounds "5"]
[EventCountry "GGB"]
[SourceTitle "BritBase"]
[Source "www.saund.co.uk"]
[SourceDate "2018.02.10"]
[SourceVersion "1"]
[SourceVersionDate "2018.02.10"]
[SourceQuality "1"]

1. e4 c5 2. Nf3 d6 3. Nc3 a6 4. Bc4 e6 5. O-O Nf6 6. a3 Be7 7. b4 O-O 8. Re1 b5
9. Ba2 Bb7 10. bxc5 dxc5 11. e5 Nd5 12. Nxd5 Bxd5 13. d4 Bxa2 14. Rxa2 Nc6 15.
Re4 Qd5 16. Rg4 Qxa2 17. Bh6 g6 18. Bxf8 Rxf8 19. h4 cxd4 20. Qd2 Rd8 21. h5 d3
22. hxg6 hxg6 23. Qh6 Bf8 24. Qh3 dxc2 25. Ng5 c1=Q+ 26. Kh2 Qxg5 0-1

[Event "Tradewise Gibraltar AmatWk1"]
[Site "Gibraltar"]
[Date "2017.01.25"]
[Round "3.30"]
[White "Bullock, Lee"]
[Black "Savage, Neil"]
[Result "1-0"]
[WhiteElo "1563"]
[BlackElo "1705"]
[PlyCount "35"]
[EventDate "2017.01.23"]
[EventType "swiss"]
[EventRounds "5"]
[EventCountry "GGB"]
[SourceTitle "BritBase"]
[Source "www.saund.co.uk"]
[SourceDate "2018.02.10"]
[SourceVersion "1"]
[SourceVersionDate "2018.02.10"]
[SourceQuality "1"]

1. d4 Nf6 2. Bf4 c5 3. e3 g6 4. Bd3 Bg7 5. c3 b6 6. Nf3 O-O 7. Nbd2 Bb7 8. Qc2
d6 9. h4 Nbd7 10. h5 Re8 11. hxg6 hxg6 12. Ng5 e5 13. Nxf7 Qe7 14. Bxg6 exf4
15. Nh6+ Bxh6 16. Bxe8 Rxe8 17. Rxh6 Qg7 18. Rg6 1-0